60 Second SPORCLE Blitz: Shakespeare Title Words Quiz Stats

 Plays Quiz Updated Apr 21, 2020

     
Support Sporcle.
Go Orange.
Score 0/7 Timer 01:00
0 Plays Today
Letter Sample Word % Correct
OOF
92.4%
RRICHARD
89.7%
LLOVE'S
77.9%
CCOMEDY
70.2%
EERRORS
42.4%
PPERICLES
41.5%
SSHREW
40.3%

From the Vault

Famous Figures in Latin American History

by SporcleEXP

History 6m
These 20 historical figures were influential in shaping the modern latin american countries we know today.
Remove Ads.
Support Sporcle.
Get the best of Sporcle when you Go Orange. This ad-free experience offers more features, more stats, and more fun while also helping to support Sporcle. Thank you for becoming a member.

Show Comments

Extras

Top Quizzes Today


Score Distribution

Your Account Isn't Verified!

In order to create a playlist on Sporcle, you need to verify the email address you used during registration. Go to your Sporcle Settings to finish the process.

Report this User

Report this user for behavior that violates our Community Guidelines.

Details: